000 00942nam a2200193Ii 4500
003 JO-AjNU
008 230605s9999||||xx |||||||||||||| ||und||
040 _aJO-AjNU
_bara
_erda
_cJO-AjNU
041 _aara
050 1 4 _aHC498.A7.T36.2015
100 3 _aالمجلس الاقتصادي والاجتماعي الأردني,
_eauthor
_956667
245 0 0 _aالمجلس الاقتصادي والاجتماعي الأردني: تنافسية الأردن " التقرير الاقتصادي والاجتماعي لسنة 2015
264 3 1 _aعمان: المجلس الاقتصادي والاجتماعي، 2015
300 _a154ص
_bيشتمل على مراجع ببلوغرافية ص(125-132) ويشتمل على ملاحق ص(133-152)
336 _atext
_btxt
_2rdacontent
337 _aunmediated
_bn
_2rdamedia
338 _avolume
_bnc
_2rdacarrier
650 4 _aالاردن -- احوال اقتصادية -- تقارير سنوية
_956668
999 _aA25349
_c28917
_d28917